| 000 | 00400cam a2200169ua 4500 | ||
|---|---|---|---|
| 041 |
_aeng _h |
||
| 082 |
_a910 _bSTA/EU |
||
| 100 | _aStamp, Dudley . | ||
| 245 | 0 | 0 |
_aEurope and the British Islends / _cDudley Stamp. _hTextual Documents |
| 250 |
_a5 / _b. |
||
| 260 |
_a : _bLongman , _c1959. |
||
| 300 | _a408 ; . | ||
| 504 | _a | ||
| 700 | 1 | _aSuggate, L.S . | |
| 942 | _cBK | ||
| 999 |
_c812 _d812 |
||